000 00529nam a2200145Ia 4500
008 100204s9999 xx 000 0 und d
082 _b2177
100 _aगोखले गो. सी.
245 _aज्ञानसागरातील शिंपले
260 _b"यशवंत प्रकाशन , पुणे"
_c1978
300 _a200
630 _aज्ञानसागरातील शिंपले
730 _aज्ञानसागरातील शिंपले
942 _cBOOK
999 _c465285
_d465282